| 000 | 00630nam a2200241Ia 4500 | ||
|---|---|---|---|
| 003 | OSt | ||
| 005 | 20221007072629.0 | ||
| 006 | a|||||r|||| 00| 0 | ||
| 007 | ta | ||
| 008 | 221006b |||||||| |||| 00| 0 eng d | ||
| 024 | _a26,705 | ||
| 037 | _cTextual | ||
| 040 |
_aFLL _cFLL _beng |
||
| 041 |
_2eng _aeng |
||
| 082 | _aZ3y7, F9.1 | ||
| 100 |
_aChitty Thomas Willes _9691099 |
||
| 245 | 0 | _aLeading cases | |
| 250 | _a13th | ||
| 260 |
_aLondon _bSweet & Maxwell Ltd. London _c1929 |
||
| 300 |
_accxlvii,1-916p _ccm. |
||
| 942 |
_hZ3y7, F9.1 _cTEXL _2CC |
||
| 999 |
_c1146585 _d1146585 |
||